000 00780nam a22002057a 4500
999 _c2189
_d2189
003 AR-CdUCM
008 190304b ||||| |||| 00| 0 spa d
040 _aMUNICIPALIDAD PROVINCIAL DEL CUSCO
_cBIBLIOTECA MUNICIPAL DEL CUSCO
082 _a985.6 /
_bV19
100 _aValdez y Palacios, Manuel Jose
_97895
245 _aViaje del Cuzco a Belen en el gran Para :
_bPor los rios Vilcamayo, Ucayali y Amazonas /
260 _aLima:
_bB.N.P ,
_c1971.
300 _a104 páginas.
_c21.5 cm.
505 _aContenido: Cronicas de un viaje -- Cuzco -- Belen en el gran para -- Rios Volcamayo -- Rio Ucayali -- El gran Rio Amazonas...
650 _aCronicas Peruanas
_93130
650 _aCusqueñismo
_92721
650 _aLitorales Peruanos
_97896
942 _2ddc
_cLIBROS
945 _artm